LIBRARY & INFORMATION CENTRE, KCAET, TAVANUR

ONLINE PUBLIC ACCESS CATALOGUE (OPAC)

English by heart: pupil`s book / (Record no. 4319)

MARC details
000 -LEADER
fixed length control field 00465cam a2200193ua 4500
041 ## - LANGUAGE CODE
Language code of text/sound track or separate title eng
082 ## - DEWEY DECIMAL CLASSIFICATION NUMBER
Classification number 823.301
Item number COE/EN
100 ## - MAIN ENTRY--AUTHOR NAME
Personal name Coe, G E B .
245 ## - TITLE STATEMENT
Title English by heart: pupil`s book /
260 ## - PUBLICATION, DISTRIBUTION, ETC. (IMPRINT)
Place of publication London :
Name of publisher Orient-Longman Ltd ,
Year of publication 1964.
300 ## - PHYSICAL DESCRIPTION
Number of Pages 55 ; .
700 1# - ADDED ENTRY--PERSONAL NAME
Personal name Bhandari, .
942 ## - ADDED ENTRY ELEMENTS (KOHA)
Koha item type Books
Holdings
Withdrawn status Lost status Damaged status Home library Current library Date acquired Full call number Accession Number Koha item type
Withdrawn     KAUAET KAUAET 07/04/2012 823.301 12281 Books
Withdrawn     KAUAET Sanskrit University 07/04/2012 823.301 12280 Books
free website counter